LEADER 01072nam2-22003371i-450- 001 990003752910403321 005 20091104143257.0 010 $a2-7084-0044-4 035 $a000375291 035 $aFED01000375291 035 $a(Aleph)000375291FED01 035 $a000375291 100 $a20030910d1979----km-y0itay50------ba 101 0 $afre 102 $aFR 105 $ay-------001cy 200 1 $a<>cérémonies périodiques cycliques et saisonnières$e1. carnaval, careme, paques$fArnold van Gennep 210 $aParis$cPicard$d1979 215 $axv, 577 p.$c22 c. geogr.$d23 cm 225 1 $aGrands manuels Picard 461 0$1001000910881$12001$aManuel de folklore français contemporain$v1,3 610 0 $aFolclore$aFrancia$aStoria 676 $a398.094 4 700 1$aGennep,$bArnold van$f<1873-1957>$0142441 801 0$aIT$bUNINA$gRICA$2UNIMARC 901 $aBK 912 $a990003752910403321 952 $a398.0944 GEN 1,3$b3299$fBFS 959 $aBFS 996 $aCérémonies périodiques cycliques et saisonnières$9508500 997 $aUNINA LEADER 01499oam 2200481zu 450 001 9910130946003321 005 20210807004648.0 010 $a1-118-67012-4 035 $a(CKB)3450000000004273 035 $a(SSID)ssj0000726701 035 $a(PQKBManifestationID)11464770 035 $a(PQKBTitleCode)TC0000726701 035 $a(PQKBWorkID)10674907 035 $a(PQKB)11219697 035 $a(PPN)190224622 035 $a(EXLCZ)993450000000004273 100 $a20160829d1987 uy 101 0 $aeng 181 $ctxt 182 $cc 183 $acr 200 00$aRecent plate movements and deformation 210 31$a[Place of publication not identified]$cAmerican Geophysical Union$d1987 225 0 $aPublication no. 0137 of the International Lithosphere Program Recent plate movements and deformation 300 $aBibliographic Level Mode of Issuance: Monograph 311 $a0-87590-520-X 606 $aPlate tectonics 606 $aEarth movements 606 $aGeology$2HILCC 606 $aEarth & Environmental Sciences$2HILCC 606 $aDynamic & Structural Geology$2HILCC 615 0$aPlate tectonics 615 0$aEarth movements 615 7$aGeology 615 7$aEarth & Environmental Sciences 615 7$aDynamic & Structural Geology 676 $a551.1/36 702 $aKasahara$b K 801 0$bPQKB 906 $aBOOK 912 $a9910130946003321 996 $aRecent plate movements and deformation$9374670 997 $aUNINA